Big and Crowded Countries Quiz Stats

 Plays Quiz not verified by Sporcle

Also try: Big and Populated
Challenge
Share
Tweet
Embed
Score 0/25 Timer 06:00
0 Plays Today
Pop. Density (Total Area) Country % Correct
336 / km2 (377,944 km2)Japan
97.1%
400 / km2 (3,287,240 km2)India
95.7%
244 / km2 (803,940 km2)Pakistan
95.7%
143 / km2 (9,640,821 km2)China
95.7%
1,128 / km2 (143,998 km2)Bangladesh
94.2%
280 / km2 (331,212 km2)Vietnam
94.2%
230 / km2 (357,168 km2)Germany
94.2%
202 / km2 (923,768 km2)Nigeria
94.2%
118 / km2 (543,965 km2)France
94.2%
268 / km2 (242,910 km2)United Kingdom
92.8%
137 / km2 (1,904,569 km2)Indonesia
91.3%
201 / km2 (301,308 km2)Italy
89.9%
102 / km2 (783,562 km2)Turkey
88.4%
Pop. Density (Total Area) Country % Correct
128 / km2 (513,120 km2)Thailand
85.5%
507 / km2 (100,210 km2)South Korea
84.1%
348 / km2 (298,181 km2)Philippines
84.1%
123 / km2 (312,685 km2)Poland
84.1%
201 / km2 (120,540 km2)North Korea
78.3%
153 / km2 (241,551 km2)Uganda
73.9%
180 / km2 (147,181 km2)Nepal
72.5%
119 / km2 (238,533 km2)Ghana
71%
102 / km2 (109,884 km2)Cuba
59.4%
101 / km2 (185,180 km2)Syria
58%
145 / km2 (108,889 km2)Guatemala
55.1%
121 / km2 (118,484 km2)Malawi
40.6%

You're not logged in!

Compare scores with friends on all Sporcle quizzes.
Join for Free
OR
Log In

You Might Also Like...

Show Comments

Extras

Top Quizzes Today


Score Distribution

Your Account Isn't Verified!

In order to create a playlist on Sporcle, you need to verify the email address you used during registration. Go to your Sporcle Settings to finish the process.

Report this User

Report this user for behavior that violates our Community Guidelines.

Details: